Dawne Stolice państw - Statystyki

Ogólne statystyki
  • Ten quiz został rozwiązany 205 razy
  • Średni wynik to 8 z 15
Statystyki odpowiedzi
Zagadnienie Odpowiedź % Poprawnych
Polska Kraków
100%
Rosja Petersburg
100%
Niemcy Bonn
79%
Kanada Toronto
71%
Stany Zjednoczone Ameryki Filadelfia
64%
Szwecja Uppsala
64%
Turcja Bursa
43%
Egipt Memfis
43%
Hiszpania Toledo
43%
Włochy Turyn
43%
Australia Melbourne
36%
Japonia Nagaoka-kyō
29%
Portugalia Rio de Janeiro
29%
Dania Roskilde
21%
Brazylia Salvador
7%
Nie znaleziono quizów pasujących do podanych kryteriów
Rozkład punktacji
Procent ludzi z każdym wynikiem
Percentyl według liczby udzielonych odpowiedzi
Twoja historia wyników
Nie rozwiązałeś tego quizu